Intelligent Vibration Control in Civil Engineering Structures/ Zhao-Dong Xu (Record no. 594867)
[ view plain ]
| 000 -LEADER | |
|---|---|
| fixed length control field | 00395nam a22001217a 4500 |
| 020 ## - INTERNATIONAL STANDARD BOOK NUMBER | |
| International Standard Book Number | 978-0-12-405874-3 |
| 040 ## - CATALOGING SOURCE | |
| Original cataloging agency | dlc |
| Transcribing agency | dlc |
| Modifying agency | dlc |
| Description conventions | dlc |
| 082 ## - DEWEY DECIMAL CLASSIFICATION NUMBER | |
| Edition number | 620.3 |
| Author Mark | DON |
| 245 ## - TITLE STATEMENT | |
| Title | Intelligent Vibration Control in Civil Engineering Structures/ Zhao-Dong Xu |
| 260 ## - PUBLICATION, DISTRIBUTION, ETC. | |
| Place of publication, distribution, etc. | England |
| Name of publisher, distributor, etc. | Elsevier |
| Date of publication, distribution, etc. | 2015 |
| 440 ## - SERIES STATEMENT/ADDED ENTRY--TITLE | |
| Title | Intelligent Vibration Control in Civil Engineering Structures |
| 9 (RLIN) | 112824 |
| 942 ## - ADDED ENTRY ELEMENTS (KOHA) | |
| Source of classification or shelving scheme | |
| Koha item type | Book |
| Withdrawn status | Lost status | Source of classification or shelving scheme | Damaged status | Not for loan | Permanent Location | Current Location | Date acquired | Total Checkouts | Full call number | Barcode | Date last seen | Price effective from | Koha item type | Total Renewals | Checked out | Date last checked out |
|---|---|---|---|---|---|---|---|---|---|---|---|---|---|---|---|---|
| School of Civil and Environmental Engineering (SCEE) | School of Civil and Environmental Engineering (SCEE) | 05/29/2023 | 620.3 DON | NIT-13689 | 05/29/2023 | 05/29/2023 | Book | |||||||||
| School of Civil and Environmental Engineering (SCEE) | School of Civil and Environmental Engineering (SCEE) | 05/29/2023 | 1 | 620.3 DON | NIT-13690 | 11/13/2025 | 05/29/2023 | Book | 1 | 04/01/2026 | 11/13/2025 |
